| 000 | 00875nas a2200277 4500 | ||
|---|---|---|---|
| 001 | BR2013005038 | ||
| 003 | BR-BrBNA | ||
| 005 | 20231205122540.0 | ||
| 007 | ta | ||
| 008 | 230509b bl.|||p| |||| 00| 00por d | ||
| 040 |
_aBR-BrBNA _bpor _cBiblioteca Nacional de Agricultura |
||
| 041 | _a(Pt) | ||
| 072 | _aH20 | ||
| 100 | 1 | _aPoltronieri, L.S. | |
| 100 | 1 | _aVerzignassi, J.R. | |
| 100 | 1 | _aBenchimol, R.L. | |
| 100 | 1 | _aFreire, F.C.O. | |
| 245 | 1 | _aPrimeiro registro de Exserohilum rostratum (anamorfo de Setosphaeria rostrata)causando manchas foliares em açaizeiro no Brasila | |
| 650 | _aAÇAI | ||
| 650 | _aMANCHA FOLIAR | ||
| 650 | _aFUNGO | ||
| 650 | _aDOENÇA DE PLANTA | ||
| 773 | 0 |
_tSumma Phytopathologica (Brazil) _xISSN 0100-5405 _g(Apr-Jun 2008), v. 34(2) p. 195 _wBR2013005038 |
|
| 909 |
_a202311 _bLúcia _c55 _dLúcia Elande |
||
| 942 |
_2AGRIS _n0 _cANA |
||
| 999 |
_c229227 _d229227 |
||